கிட்டத்தட்ட அனைத்தையும் பற்றிய ஒரு சுருக்கமான வரலாறு/

Saved in:
Bibliographic Details
Main Author: பிரைசன்,பில்
Other Authors: குமாரசாமி,psv (தமிழில்)
Format: Book
Language:English
Tamil
Published: இந்தியா: மஞ்சுள் பப்ளிஷிங் ஹவுஸ், 2022.
Subjects:
Tags: Add Tag
No Tags, Be the first to tag this record!

MARC

LEADER 00000nam a22000007a 4500
005 20260416095000.0
008 260416b |||||||| |||| 00| 0 eng d
020 |a 9789355430564 
041 |a tam  |h eng 
082 |a 509  |b பிரைச 
100 |a பிரைசன்,பில்  |9 117379 
245 |a கிட்டத்தட்ட அனைத்தையும் பற்றிய ஒரு சுருக்கமான வரலாறு/  |c பில் பிரைசன் 
260 |a இந்தியா:  |b மஞ்சுள் பப்ளிஷிங் ஹவுஸ்,  |c 2022. 
300 |a 490பக்  |c 23cm 
500 |a Purchase 
650 |a இயற்கை அறிவியல்   |9 22277 
700 |a குமாரசாமி,psv (தமிழில்)  |9 117380 
942 |c REF 
999 |c 71387  |d 71387